ՀՀ Գիտությունների ազգային ակադեմիայի հիմնարար գիտական գրադարան  =   Fundamental Scientific Library of NAS RA

Об ускорении инерции, возникающем в относительном движении под воздействием внешных сил / (Record no. 468443)

MARC details
000 -LEADER
fixed length control field 00816nam a2200181 a 4500
001 - CONTROL NUMBER
control field 000133901
003 - CONTROL NUMBER IDENTIFIER
control field AM-YeHGA
005 - DATE AND TIME OF LATEST TRANSACTION
control field 20250617161254.0
008 - FIXED-LENGTH DATA ELEMENTS--GENERAL INFORMATION
fixed length control field 981218s1969 ||||||||||||||||||||rus d
040 ## - CATALOGING SOURCE
Original cataloging agency AM-YeHGA
090 ## - LOCALLY ASSIGNED LC-TYPE CALL NUMBER (OCLC); LOCAL CALL NUMBER (RLIN)
-- 471683
100 1# - MAIN ENTRY--PERSONAL NAME
Personal name Саакян, Р.А.
245 10 - TITLE STATEMENT
Title Об ускорении инерции, возникающем в относительном движении под воздействием внешных сил /
Statement of responsibility, etc. Р.А. Саакян ; АН АрмССР. Бюраканская астрофизическая обсерватория.
260 ## - PUBLICATION, DISTRIBUTION, ETC.
Place of publication, distribution, etc. Ереван :
Name of publisher, distributor, etc. Изд-во АН АрмССР,
Date of publication, distribution, etc. 1969.
300 ## - PHYSICAL DESCRIPTION
Extent 47 с.
650 14 - SUBJECT ADDED ENTRY--TOPICAL TERM
Topical term or geographic name entry element Астрофизика
710 2# - ADDED ENTRY--CORPORATE NAME
Corporate name or jurisdiction name as entry element Бюраканская астрофизическая обсерватория АН АрмССР
Holdings
Withdrawn status Lost status Source of classification or shelving scheme Damaged status Not for loan Collection Home library Current library Date acquired Total checkouts Full call number Barcode Date last seen Price effective from Koha item type Public note
    Universal Decimal Classification     General Fundamental Scientific Library Fundamental Scientific Library 15/03/2018   PIII/28241 FL0489363 15/03/2018 15/03/2018 Գրքեր / Books 30 Days Loan
    Universal Decimal Classification     General Fundamental Scientific Library Fundamental Scientific Library 15/03/2018   PIII/28242 FL0489364 15/03/2018 15/03/2018 Գրքեր / Books 30 Days Loan
    Universal Decimal Classification     General Fundamental Scientific Library Fundamental Scientific Library 15/03/2018   PIII/28243 FL0489365 15/03/2018 15/03/2018 Գրքեր / Books 30 Days Loan


ՀՀ ԳԱԱ հիմնարար գիտական գրադարան
ՀՀ,Երևան 0019
Մարշալ Բաղրամյան 24/6
հեռախոս:(374-10) 52-47-50
Հետադարձ կապ

All site content, except where otherwise noted, is licensed under a
Creative Commons License